Alle Binnenstaaten Asiens - Statistiken

Allgemein
  • Dieses Quiz wurde 276 mal gespielt
  • Das Durchschnittsergebnis liegt bei 11 aus 12
Antwortstatistiken
Land % Korrekt
Bhutan
97%
Mongolei
97%
Tadschikistan
97%
Turkmenistan
97%
Usbekistan
97%
Nepal
96%
Kasachstan
95%
Laos
95%
Armenien
94%
Afghanistan
93%
Aserbaidschan
90%
Kirgistan
73%
Keine übereinstimmenden Quizze gefunden
Verteilung der Resultate
Anzahl Personen mit jedem Resultat
Perzentil nach korrekt beantworteten Fragen
Ihre Resultats-Entwicklung
Sie haben dieses Quiz noch nicht gespielt